<?xml version="1.0" encoding="UTF-8"?><?xml-stylesheet type="text/xsl" href="static/style.xsl"?><OAI-PMH xmlns="http://www.openarchives.org/OAI/2.0/" xmlns:xsi="http://www.w3.org/2001/XMLSchema-instance" xsi:schemaLocation="http://www.openarchives.org/OAI/2.0/ http://www.openarchives.org/OAI/2.0/OAI-PMH.xsd"><responseDate>2026-06-02T03:07:11Z</responseDate><request verb="GetRecord" identifier="oai:riuma.uma.es:10630/37202" metadataPrefix="marc">https://riuma.uma.es/rest/oai/request</request><GetRecord><record><header><identifier>oai:riuma.uma.es:10630/37202</identifier><datestamp>2026-02-03T10:50:58Z</datestamp><setSpec>com_10630_2254</setSpec><setSpec>col_10630_37953</setSpec></header><metadata><record xmlns="http://www.loc.gov/MARC21/slim" xmlns:dcterms="http://purl.org/dc/terms/" xmlns:doc="http://www.lyncode.com/xoai" xmlns:xsi="http://www.w3.org/2001/XMLSchema-instance" xsi:schemaLocation="http://www.loc.gov/MARC21/slim http://www.loc.gov/standards/marcxml/schema/MARC21slim.xsd">
   <leader>00925njm 22002777a 4500</leader>
   <datafield ind2=" " ind1=" " tag="042">
      <subfield code="a">dc</subfield>
   </datafield>
   <datafield ind2=" " ind1=" " tag="720">
      <subfield code="a">Sánchez-Cruzado, Cristina</subfield>
      <subfield code="e">author</subfield>
   </datafield>
   <datafield ind2=" " ind1=" " tag="720">
      <subfield code="a">Santiago Campión, Raúl</subfield>
      <subfield code="e">author</subfield>
   </datafield>
   <datafield ind2=" " ind1=" " tag="720">
      <subfield code="a">Sánchez-Compaña, María Teresa</subfield>
      <subfield code="e">author</subfield>
   </datafield>
   <datafield ind2=" " ind1=" " tag="260">
      <subfield code="c">2021-02-08</subfield>
   </datafield>
   <datafield ind2=" " ind1=" " tag="520">
      <subfield code="a">The COVID-19 outbreak opened a new scenario where teachers must have adequate digital literacy to teach online and to implement a current and innovative educational model. This paper provides the most relevant results obtained from a quantitative study in which 4883 Spanish teachers of all education levels participated to measure their digital skills, during the last school years. It also proposes a digital skills teacher training plan, taking the joint framework of digital skills of INTEF (Spanish acronym for National Institute of Educational Technologies and Teacher Training) as its reference point. The tool ACDC (Analysis of Common Digital Competences) was used for data collection. The results of descriptive analysis show, overall, the low self-perception that teachers have of their digital skills. In addition, this paper studies the relationship existing between the characteristics that define the population and the teachers’ digital skills level. This relationship is obtained through a multiple linear regression model. The study reveals that digital literacy is not a reality that has favored the teaching–learning process and that a training program is urgently required for teachers to reach optimal levels of digital skills, so as to undergo a true paradigm shift, ultimately combining methodology and educational strategies.</subfield>
   </datafield>
   <datafield ind1="8" ind2=" " tag="024">
      <subfield code="a">Sánchez-Cruzado, C.; Santiago Campión, R.; Sánchez-Compaña, M.T. Teacher Digital Literacy: The Indisputable Challenge after COVID-19. Sustainability 2021, 13, 1858. https://doi.org/10.3390/su13041858</subfield>
   </datafield>
   <datafield ind1="8" ind2=" " tag="024">
      <subfield code="a">https://hdl.handle.net/10630/37202</subfield>
   </datafield>
   <datafield ind1="8" ind2=" " tag="024">
      <subfield code="a">10.3390/su13041858</subfield>
   </datafield>
   <datafield tag="653" ind2=" " ind1=" ">
      <subfield code="a">Alfabetización digital</subfield>
   </datafield>
   <datafield ind2="0" ind1="0" tag="245">
      <subfield code="a">Teacher Digital Literacy: The Indisputable Challenge after COVID-19</subfield>
   </datafield>
</record>
</metadata></record></GetRecord></OAI-PMH>